Torschützenliste der UEFA Champions League - Statistiken

Allgemein
  • Dieses Quiz wurde 768 mal gespielt
    305 seit der letzten Aktualisierung
  • Das Durchschnittsergebnis liegt bei 13 aus 16
Antwortstatistiken
Tore Nationalität Tore für Verein(e) Spieler % Korrekt
140 Portugal Manchester United 21, Real Madrid 105, Juventus Turin 14 Cristiano Ronaldo
100%
129 Argentinen FC Barcelona 120, Paris Saint-Germain 9 Lionel Messi
100%
105 Polen Borussia Dortmund 17, FC Bayern München 69, FC Barcelona 19 Robert Lewandowski
100%
49 Norwegen RB Salzburg 8, Borussia Dortmund 15, Manchester City 26 Erling Haaland
98%
57 Deutschland FC Bayern München 57 Thomas Müller
98%
90 Frankreich Olympique Lyon 12, Real Madrid 78 Karim Benzema
96%
71 Spanien Real Madrid 66, FC Schalke 04 5 Raúl
96%
55 Frankreich AS Monaco 6, Paris Saint-Germain 42, Real Madrid 7 Kylian Mbappé
95%
47 Ägypten FC Basel 2, AS Rom 1, FC Liverpool 44 Mohamed Salah
95%
48 Schweden Ajax Amsterdam 6, Juventus Turin 3, Inter Mialand 6, FC Barcelona 4, AC Mailand 9, Paris Saint-Germain 20 Ibrahimović
93%
50 Frankreich AS Monaco 7, FC Arsenal 5, FC Barcelona 8 Thierry Henry
81%
48 Ukraine Dynamo Kiew 15, AC Mailand 29, FC Chelsea 4 Andriy Shevchenko
69%
56 Niederlande PSV Eindhoven 8, Manchester United 35, Real Madrid 13 Ruud van Nistelrooy
65%
49 Argentinen / Spanien Real Madrid 49 Alfredo Di Stéfano
57%
46 Portugal Benfica Lissabon 46 Eusébio
57%
46 Italien Juventus Turin 17, AC Mailand 29 Filippo Inzaghi
44%
Keine übereinstimmenden Quizze gefunden
Verteilung der Resultate
Anzahl Personen mit jedem Resultat
Perzentil nach korrekt beantworteten Fragen
Ihre Resultats-Entwicklung
Sie haben dieses Quiz seit der letzten Aktualisierung nicht gespielt